| 000 | 00455 a2200157 4500 | ||
|---|---|---|---|
| 020 | _a8296123 | ||
| 040 | _aDLC | ||
| 082 | _a370.95491 | ||
| 245 |
_aEducation guide of Pakistan _cCompiled and edited by Ibrahim Imran. |
||
| 250 | _aMillennium ed. | ||
| 260 |
_aLahore : _bIbrahim Publication, _c2000-2001. |
||
| 300 |
_a577 p. : _bill. ; _c27 cm. |
||
| 650 | _aCommunity colleges--Curricula. | ||
| 700 | _aIbrahim Imran. | ||
| 942 |
_cBK _k370.95491 IBR _2ddc |
||
| 999 |
_c7338 _d7338 |
||